Možnosti tvorby modelového systému v prognostických postupech

Prognostické modely - zdroj informácií, na základe ktorých je možné odhadovať vývoj na úrovni národohospodárskeho systému. Úloha ekonomickej teórie - navrhnúť nové systémy prognostických postupov a modelov. Tieto by mali odhadnúť ďalšie možnosti rozvoja národného hospodárstva, zmeny ekonomických nás...

Ausführliche Beschreibung

Gespeichert in:
Bibliographische Detailangaben
1. Verfasser: Mildeová, Stanislava
Format: Buchkapitel
Sprache:Tschechisch
Schlagworte:
Tags: Tag hinzufügen
Keine Tags, Fügen Sie das erste Tag hinzu!

MARC

LEADER 00000naa a2200000 4500
001 r015919
005 20220711134021.2
041 0 |a cze 
044 |a CZ 
245 1 0 |a Možnosti tvorby modelového systému v prognostických postupech  |c S. Mildeová 
520 |a Prognostické modely - zdroj informácií, na základe ktorých je možné odhadovať vývoj na úrovni národohospodárskeho systému. Úloha ekonomickej teórie - navrhnúť nové systémy prognostických postupov a modelov. Tieto by mali odhadnúť ďalšie možnosti rozvoja národného hospodárstva, zmeny ekonomických nástrojov. Potrebné zostavenie súhrnného agregovaného modelu. Možnosť súčasnej aplikácie rôznych modelových techník. Komplexný simulačný model Strategem. 
610 2 0 |a prognózy hospodárske 
610 2 0 |a modely ekonomické 
610 2 0 |a modely prognostické 
610 2 0 |a metódy štatistické 
610 2 0 |a metódy prognostické 
610 2 0 |a modely národohospodárske 
610 2 0 |a modely simulačné 
610 2 0 |a STRATEGEM 
610 2 0 |a teórie ekonomické 
100 1 |a Mildeová, Stanislava